000 00399pab a2200157 454500
008 180718b2004 xxu||||| |||| 00| 0 eng d
100 _aSwanson, E. Burton
245 _aInnovating mindfully with information technology
260 _c2004
300 _ap.553-83.
362 _aDec
650 _aInformation technology
700 _aRamiller, Neil C.
773 _aMIS Quarterly
909 _a63892
999 _c63892
_d63892